| 000 | 00484nam a2200181Ia 4500 | ||
|---|---|---|---|
| 003 | GCL | ||
| 008 | 140319s9999 xx 000 0 eng d | ||
| 040 |
_aGCL / _cGCL |
||
| 082 | 0 | 4 |
_a639.303 _bW J |
| 100 | 1 | _aWILSON'S, JOHN | |
| 245 | 1 | 0 |
_aJOHN WILSON'S: FISHING ENCYCLOPEDIA / _cWILSON'S, JOHN |
| 260 |
_a[S.N] : _bBOXTREE LIMITED ، _c1995 |
||
| 300 | _a254 P | ||
| 650 | 0 | 4 | _aFISHING |
| 650 | 0 | 4 | _aFISHING - EQUIPMENT AND SUPPLIES |
| 650 | 0 | 4 | _aFISHING GUIDE |
| 942 |
_2ddc _cBK |
||
| 999 |
_c13802 _d13802 |
||